000 00299nam a2200097Ia 4500
082 _a657|ABOU
245 0 _aAbout financial accounting. volume 2
100 _a Jansen van Rensburg, J. S. Durban [South Africa], 2011 4th ed
_960437
942 _cBK
008 210817s9999 xx 000 0 und d
999 _c190013
_d190009